Quick Pick: 'G' Latin Phrases Quiz Stats

 Plays Quiz Updated Aug 12, 2017

Support Sporcle.
Go Orange.
Score 0/10 Timer 01:30
0 Plays Today
% Correct
Gloria Patri
91.1%
Graecum est; non legitur
89.4%
Gemellus
83.1%
Gens una sumus
82.5%
Gratia et scientia
79.7%
Gaudium in veritate
78.4%
Gutta cavat lapidem
77.3%
Gladiolus
72.7%
Genius loci
70.3%
Graviora manent
69.7%

Today's Daily Dose

Missing Word
AMC Shows

Word Ladder
Makeup

Get the Picture
Guitarists

You're not logged in!

Compare scores with friends on all Sporcle quizzes.
OR
Log In
Forgot?

From the Vault

1990s Lyric Match IV

by pretzelbabe0x

'Cause love is all good people need, music sets the sick ones free.'
Remove Ads.
Support Sporcle.
Get the best of Sporcle when you Go Orange. This ad-free experience offers more features, more stats, and more fun while also helping to support Sporcle. Thank you for becoming a member.

Show Comments

Extras

Top Quizzes Today


Score Distribution

Your Account Isn't Verified!

In order to create a playlist on Sporcle, you need to verify the email address you used during registration. Go to your Sporcle Settings to finish the process.

Report this User

Report this user for behavior that violates our Community Guidelines.

Details: